| 000 | 01608nam a2200361 a 4500 | ||
|---|---|---|---|
| 001 | vtls003204360 | ||
| 003 | MY-SjTCS | ||
| 005 | 20200306164105.0 | ||
| 006 | m u | ||
| 007 | cr cn||||||||| | ||
| 008 | 100712s2000 moua sb s001 0ceng | ||
| 010 | _z 99-057338 | ||
| 020 | _z0826212719 (alk. paper) | ||
| 035 | _a(CaPaEBR)ebr10048183 | ||
| 039 | 9 |
_y201007121816 _zVLOAD |
|
| 040 |
_aCaPaEBR _cCaPaEBR |
||
| 050 | 1 | 4 |
_aHD8039.C662 _bU65 2000eb |
| 082 | 0 | 4 |
_a331.6/9960730791/09041 _221 |
| 100 | 1 |
_aLeSeur, Geta J. _9245253 |
|
| 245 | 1 | 0 |
_aNot all Okies are white _h[electronic resource] : _bthe lives of Black cotton pickers in Arizona / _cGeta LeSeur. |
| 260 |
_aColumbia, Mo. : _bUniversity of Missouri Press, _cc2000. |
||
| 300 |
_axv, 247 p. : _bill. ; _c24 cm. |
||
| 504 | _aIncludes bibliographical references (p. 237-242) and index. | ||
| 529 | _aTSLHHL | ||
| 533 |
_aElectronic reproduction. _bPalo Alto, Calif. : _cebrary, _d2005. _nAvailable via World Wide Web. _nAccess may be limited to ebrary affiliated libraries. |
||
| 650 | 0 |
_aCotton farmers _zArizona _vInterviews. _9245254 |
|
| 650 | 0 |
_aCotton farmers _zArizona _vBiography. _9245255 |
|
| 650 | 0 |
_aAfrican American agricultural laborers _zArizona _vInterviews. _9245256 |
|
| 650 | 0 |
_aAfrican American agricultural laborers _zArizona _vBiography. _9245257 |
|
| 655 | 7 |
_aElectronic books. _2local _9201578 |
|
| 710 | 2 |
_aebrary, Inc. _925628 |
|
| 856 | 4 | 0 |
_uhttps://ezproxy.taylors.edu.my/login?url=http://site.ebrary.com/lib/taylorscollege/Doc?id=10048183 _zAn electronic book accessible through the World Wide Web; click to view |
| 999 | _c47616 | ||